000 00850nam a2200253 i 4500
003 EG-ScBUE
005 20230913094606.0
008 100629s2003 u f 000 0 ara d
017 _a2003 / 15339
020 _a977573255
040 _aEG-ScBUE
_bara
_erda
_cEG-ScBUE
_dEG-ScBUE
043 _af-ua---
082 0 4 _222
_a920.962
_bإ س ك
100 1 _915211
_aإسكندر, سهير،
_eمؤلف.
245 1 0 _aنبضات القلب :
_bشخصيات في مصر /
_cدكتورة سهير إسكندر.
264 1 _aالقاهرة :
_bالمقطم للتوزيع والنشر،
_c[2003]
300 _a143 صفحة ؛
_c20 سم
336 _2rdacontent
_aنص
_btxt
337 _2rdamedia
_aبدون وسيط
_bn
338 _2rdacarrier
_aمجلد
_bnc
651 7 _921746
_aمصر
_xتراجم.
_2BUEsh
655 _vReading book
942 _2ddc
_cBB
999 _c14275
_d14275